000 00926nam a22002657a 4500
005 20130408112341.0
010 _aENG-104847
020 _a9788120345010
_c425.00
035 _aEN-88380
035 _aB-491406-411
037 _bDBAD / PUB
037 _bIndraprastha Prakashan/Ven
082 _a658.872
100 _aStrauss, Judy
245 _aE-marketing /
_cby Judy Strauss [and] Raymond Frost
250 _a6th ed
260 _aNew Delhi
_bPHI Learning
_c2012
270 _aM-97, Connaught Circus,
_bNew Delhi
_e110001
300 _axxi, 426 p. :
_c24cm (pbk)
_bill.
500 _aIncludes bibliographical references (403-407) and index.
650 _aInternet marketing.
700 _aFrost, Raymond
_d1960-
_943299
942 _2ddc
_cEN
_mSTR
_h658.872
999 _c63657
_d63657